[Event "2. Bundesliga Mitte 2016/2017"]
[Site "Leoben, Wolfsberg/Taufkirchen/Fuerstenfeld, Grieskirchen, St. Veit"]
[Date "2017.03.24"]
[Round "9"]
[Board "6"]
[White "Hatzl, Johannes"]
[Black "Ertl, Johann"]
[Result "0-1"]
[WhiteElo "2095"]
[BlackElo "2299"]
[PlyCount "118"]
[EventDate "2016.10.07"]
[EventType "team"]
[EventRounds "11"]
[EventCountry "AUT"]
[WhiteTeam "SPG Spk. Fuerstenfeld/Hartberg"]
[BlackTeam "SC MPOE Maria Saal 2"]

1. e4 e6 2. d4 d5 3. Nc3 Bb4 4. Nge2 dxe4 5. a3 Be7 6. Nxe4 Nd7 7. Be3 b6 8.
N2c3 Bb7 9. Bd3 Ngf6 10. O-O O-O 11. Nxf6+ Nxf6 12. Qe2 Nd5 13. Nxd5 Qxd5 14.
f3 Qh5 15. Rae1 Rfd8 16. f4 Qxe2 17. Bxe2 Be4 18. Rc1 Rab8 19. Rfd1 b5 20. Bd3
Bxd3 21. Rxd3 c6 22. Rcd1 f5 23. Kf2 Rd7 24. h3 Kf7 25. Kf3 a6 26. g4 Rbd8 27.
Bf2 Rd5 28. Be3 h6 29. Bf2 Bf6 30. Be3 g5 31. c3 gxf4 32. Bf2 fxg4+ 33. hxg4 e5
34. Ke4 Ke6 35. Rh1 Bg5 36. Bh4 exd4 37. Bxg5 hxg5 38. Rh6+ Kd7 39. Rh7+ Kc8
40. cxd4 c5 41. Rc3 Rxd4+ 42. Ke5 R4d5+ 43. Ke4 c4 44. a4 R8d7 45. Rh8+ Kb7 46.
axb5 axb5 47. Rg8 Kc6 48. Rc8+ Kd6 49. Re8 Rd2 50. Kf5 Rd5+ 51. Ke4 Kc5 52. Rg8
Re7+ 53. Kf3 Ree5 54. Rc2 Re3+ 55. Kf2 Rh3 56. Rc1 Kb4 57. Rb8 Rd2+ 58. Kg1 f3
59. Rf1 Rg2# 0-1

[Event "2. Bundesliga Mitte 2016/2017"]
[Site "Leoben, Wolfsberg/Taufkirchen/Fuerstenfeld, Grieskirchen, St. Veit"]
[Date "2017.03.24"]
[Round "9"]
[Board "1"]
[White "Reichmann, Egon"]
[Black "Fahrner, Kurt"]
[Result "1-0"]
[WhiteElo "2266"]
[BlackElo "2276"]
[PlyCount "125"]
[EventDate "2016.10.07"]
[EventType "team"]
[EventRounds "11"]
[EventCountry "AUT"]
[WhiteTeam "SV Wolfsberg"]
[BlackTeam "ESV Austria Graz"]

1. d4 g6 2. e4 Bg7 3. Nc3 a6 4. h4 b5 5. h5 c5 6. Be3 Bb7 7. h6 Bxd4 8. Bxd4
cxd4 9. Qxd4 Nf6 10. Nd5 Nc6 11. Nxf6+ exf6 12. Qd2 Qa5 13. Qxa5 Nxa5 14. f3 d5
15. exd5 O-O-O 16. b4 Rhe8+ 17. Kf2 Nc4 18. Bxc4 bxc4 19. Rh4 Rxd5 20. Rxc4+
Kb8 21. Re1 Rxe1 22. Kxe1 Rh5 23. a4 Rxh6 24. Rc5 Rh4 25. c3 Bc8 26. Ne2 Rh1+
27. Kf2 Ra1 28. a5 Ra2 29. Kf1 h5 30. Nd4 h4 31. Nc6+ Kb7 32. Nd8+ Kb8 33. Nc6+
Kb7 34. Nd8+ Kb8 35. Nxf7 h3 36. gxh3 Bxh3+ 37. Ke1 Bd7 38. Nd8 f5 39. Nc6+ Kb7
40. Nd4 f4 41. Rg5 Ra1+ 42. Kd2 Ra2+ 43. Kd3 Rf2 44. Ke4 Be8 45. Kxf4 Rf1 46.
Rc5 Re1 47. Kg5 Rg1+ 48. Kf6 Ba4 49. Ke5 g5 50. Kd6 g4 51. Rc7+ Ka8 52. fxg4
Rxg4 53. Nc6 Bxc6 54. Rxc6 Kb8 55. Kc5 Kb7 56. Rb6+ Ka7 57. Rd6 Rg8 58. Rd7+
Kb8 59. c4 Rg5+ 60. Kc6 Rg6+ 61. Rd6 Rg7 62. Rd8+ Ka7 63. Rd7+ 1-0

[Event "2. Bundesliga Mitte 2016/2017"]
[Site "Leoben, Wolfsberg/Taufkirchen/Fuerstenfeld, Grieskirchen, St. Veit"]
[Date "2017.03.24"]
[Round "9"]
[Board "3"]
[White "Waldmann, Gerald"]
[Black "Kotz, Heinz Peter"]
[Result "1/2-1/2"]
[WhiteElo "2125"]
[BlackElo "2267"]
[PlyCount "55"]
[EventDate "2016.10.07"]
[EventType "team"]
[EventRounds "11"]
[EventCountry "AUT"]
[WhiteTeam "SV Wolfsberg"]
[BlackTeam "ESV Austria Graz"]

1. e4 g6 2. d4 Bg7 3. Nc3 d6 4. f4 Nf6 5. Nf3 O-O 6. e5 Nfd7 7. h4 c5 8. h5
cxd4 9. Qxd4 dxe5 10. Qf2 e4 11. Nxe4 Nf6 12. Nxf6+ exf6 13. hxg6 Re8+ 14. Be2
hxg6 15. Bd2 Qb6 16. Qxb6 axb6 17. Bc3 Bf5 18. Nd4 Be4 19. Kf2 Nc6 20. Nxc6
bxc6 21. Bf3 f5 22. Bxg7 Kxg7 23. Bxe4 Rxe4 24. g3 Rd4 25. Ke3 Re4+ 26. Kf2 Rd4
27. Ke3 Re4+ 28. Kf2 1/2-1/2

[Event "2. Bundesliga Mitte 2016/2017"]
[Site "Leoben, Wolfsberg/Taufkirchen/Fuerstenfeld, Grieskirchen, St. Veit"]
[Date "2017.03.24"]
[Round "9"]
[Board "4"]
[White "Spindelboeck, Gernot"]
[Black "Stagl, Marco"]
[Result "1/2-1/2"]
[WhiteElo "2296"]
[BlackElo "2103"]
[PlyCount "86"]
[EventDate "2016.10.07"]
[EventType "team"]
[EventRounds "11"]
[EventCountry "AUT"]
[WhiteTeam "ESV Austria Graz"]
[BlackTeam "SV Wolfsberg"]

1. d4 Nf6 2. c4 c5 3. d5 b5 4. cxb5 a6 5. bxa6 g6 6. Nc3 Bg7 7. Nf3 O-O 8. e4
d6 9. Be2 Bxa6 10. O-O Qa5 11. Re1 Nbd7 12. h3 Rfb8 13. Qc2 Ne8 14. Bd2 c4 15.
Nd1 Qb5 16. Bc3 Bxc3 17. Qxc3 Nc5 18. b3 Qb4 19. Bxc4 Bxc4 20. bxc4 Nf6 21. e5
Nfd7 22. exd6 exd6 23. a3 Qa4 24. Ne3 Rb3 25. Qd4 h5 26. Qh4 Rxa3 27. Rxa3 Qxa3
28. Qe7 Qa6 29. Ng5 Rf8 30. Ne4 Nxe4 31. Qxe4 Rc8 32. f4 Qa5 33. Rf1 Nf6 34.
Qd4 Kg7 35. g4 Qc5 36. Qc3 Kg8 37. Kg2 Nxd5 38. Nxd5 Qxd5+ 39. cxd5 Rxc3 40.
Rf3 Rc2+ 41. Rf2 Rc3 42. Rf3 Rc2+ 43. Rf2 Rc3 1/2-1/2

[Event "2. Bundesliga Mitte 2016/2017"]
[Site "Leoben, Wolfsberg/Taufkirchen/Fuerstenfeld, Grieskirchen, St. Veit"]
[Date "2017.03.24"]
[Round "9"]
[Board "5"]
[White "Schoenangerer, Herbert"]
[Black "Ebner, Hubert"]
[Result "1/2-1/2"]
[WhiteElo "2097"]
[BlackElo "2247"]
[PlyCount "60"]
[EventDate "2016.10.07"]
[EventType "team"]
[EventRounds "11"]
[EventCountry "AUT"]
[WhiteTeam "SV Wolfsberg"]
[BlackTeam "ESV Austria Graz"]

1. e4 c5 2. Nc3 Nc6 3. g3 g6 4. Bg2 Bg7 5. d3 d6 6. f4 e5 7. Nh3 Nge7 8. O-O
Nd4 9. fxe5 dxe5 10. Be3 O-O 11. Qd2 f6 12. Nf2 Be6 13. Ne2 Qd7 14. c3 Nxe2+
15. Qxe2 b6 16. Rfd1 Nc6 17. h4 f5 18. exf5 gxf5 19. Qf3 Rac8 20. Bd2 Ne7 21.
Qe2 Nc6 22. b3 Bd5 23. Bh3 Qf7 24. Rac1 Rce8 25. Rf1 Qg6 26. Kh2 Qd6 27. Rce1
e4 28. dxe4 fxe4 29. Ng4 Ne5 30. Bf4 Qe7 1/2-1/2

[Event "2. Bundesliga Mitte 2016/2017"]
[Site "Leoben, Wolfsberg/Taufkirchen/Fuerstenfeld, Grieskirchen, St. Veit"]
[Date "2017.03.24"]
[Round "9"]
[Board "6"]
[White "Aschenbrenner, Robert"]
[Black "Heindl, Matthias"]
[Result "1-0"]
[WhiteElo "2201"]
[BlackElo "2106"]
[PlyCount "141"]
[EventDate "2016.10.07"]
[EventType "team"]
[EventRounds "11"]
[EventCountry "AUT"]
[WhiteTeam "ESV Austria Graz"]
[BlackTeam "SV Wolfsberg"]

1. d4 Nf6 2. Nf3 g6 3. Bf4 Bg7 4. e3 O-O 5. h3 d5 6. Be2 c5 7. c3 Nc6 8. Nbd2
b6 9. Ne5 Bb7 10. O-O Nd7 11. Nxd7 Qxd7 12. dxc5 e5 13. Bg5 Qf5 14. Bh4 bxc5
15. Nb3 g5 16. Bg3 Rad8 17. Nxc5 Ba8 18. Bd3 Qc8 19. Qg4 Qxg4 20. hxg4 Rfe8 21.
Rfd1 Bf8 22. Nb3 Rb8 23. Be2 a5 24. Rd2 a4 25. Nc1 Na5 26. Rc2 f6 27. Nd3 Nc4
28. a3 Rb3 29. Ra2 Rb6 30. Nb4 Na5 31. Ra1 Nb3 32. Rd1 Rd8 33. Bc4 Bxb4 34.
cxb4 Kf8 35. Bd3 Rb7 36. f4 exf4 37. exf4 Nd4 38. Rcd2 Re8 39. Bb1 gxf4 40. Bf2
Ne6 41. Bf5 Rg7 42. Re1 Ng5 43. Rxe8+ Kxe8 44. Rc2 Bb7 45. Bd4 Ne4 46. Kh2 Re7
47. Kg1 Ng3 48. Kf2 Nxf5 49. gxf5 Re4 50. Bxf6 Ba6 51. Rc7 h5 52. Ra7 Bb5 53.
Bg7 Bc4 54. Kf3 Be2+ 55. Kf2 Bc4 56. Rxa4 Re2+ 57. Kf3 Rc2 58. Ra8+ Kf7 59.
Ra7+ Kg8 60. Kxf4 Rxg2 61. Bc3 d4 62. Bxd4 h4 63. Ra8+ Kf7 64. Rh8 Rh2 65. a4
Rh1 66. b5 Ra1 67. b6 Bd5 68. b7 Bxb7 69. Rh7+ Ke8 70. Rxb7 Rxa4 71. Ke4 1-0

[Event "2. Bundesliga Mitte 2016/2017"]
[Site "Leoben, Wolfsberg/Taufkirchen/Fuerstenfeld, Grieskirchen, St. Veit"]
[Date "2017.03.24"]
[Round "9"]
[Board "1"]
[White "Pilaj, Herwig"]
[Black "Branding, Volker"]
[Result "1/2-1/2"]
[WhiteElo "2390"]
[BlackElo "2167"]
[PlyCount "108"]
[EventDate "2016.10.07"]
[EventType "team"]
[EventRounds "11"]
[EventCountry "AUT"]
[WhiteTeam "SC DieKlagenfurter"]
[BlackTeam "SV Gmunden"]

1. c4 c5 2. g3 g6 3. Bg2 Bg7 4. Nc3 Nc6 5. b3 d6 6. Bb2 e5 7. d3 Nge7 8. Qd2
Be6 9. Nd5 Qd7 10. e3 O-O 11. Ne2 Bh3 12. O-O Bxg2 13. Kxg2 b5 14. e4 Nxd5 15.
cxd5 Ne7 16. b4 cxb4 17. Qxb4 a5 18. Qd2 b4 19. d4 f6 20. Rac1 Rac8 21. dxe5
fxe5 22. f4 Rxc1 23. Rxc1 Qa7 24. Rf1 Qc5 25. fxe5 Qc4 26. Rxf8+ Bxf8 27. exd6
Qxe4+ 28. Kg1 Nxd5 29. d7 Be7 30. Qd4 Qxd4+ 31. Nxd4 Nb6 32. Nc6 Bc5+ 33. Kg2
Nxd7 34. Nxa5 Kf7 35. Kf3 Ke6 36. Ke4 Bg1 37. h3 Nc5+ 38. Kf3 Nd3 39. Bg7 Nc1
40. Nb3 Nxa2 41. Ke4 Bf2 42. g4 Be1 43. Nc5+ Kf7 44. Be5 Bc3 45. Bf4 Bf6 46.
Kd3 Nc3 47. Kc4 Be7 48. Nd3 Ne2 49. Be3 Ke6 50. Bc5 Bxc5 51. Nxc5+ Ke5 52. Nd7+
Kf4 53. Nf8 Ng1 54. Nxh7 Nxh3 1/2-1/2

[Event "2. Bundesliga Mitte 2016/2017"]
[Site "Leoben, Wolfsberg/Taufkirchen/Fuerstenfeld, Grieskirchen, St. Veit"]
[Date "2017.03.24"]
[Round "9"]
[Board "3"]
[White "Petschar, Kurt"]
[Black "Mittermayr, Gerhard"]
[Result "0-1"]
[WhiteElo "2288"]
[BlackElo "2092"]
[PlyCount "104"]
[EventDate "2016.10.07"]
[EventType "team"]
[EventRounds "11"]
[EventCountry "AUT"]
[WhiteTeam "SC DieKlagenfurter"]
[BlackTeam "SV Gmunden"]

1. e4 e6 2. d4 d5 3. Nd2 Nf6 4. e5 Ne4 5. Nxe4 dxe4 6. Be3 Be7 7. Qg4 Qd5 8.
Qxg7 Rf8 9. Ne2 Bd7 10. Bg5 Bxg5 11. Qxg5 f6 12. Qg3 fxe5 13. Nc3 Qxd4 14. Be2
Nc6 15. Bh5+ Kd8 16. O-O Kc8 17. a3 Qd2 18. Nxe4 Qxc2 19. Qg7 Rd8 20. Qxh7 Qxb2
21. Nc5 Nd4 22. Rfb1 Qd2 23. Nxd7 Rxd7 24. Qh8+ Rd8 25. Qxe5 Rf8 26. Rf1 Qb2
27. Rae1 b6 28. Bg4 Re8 29. Re4 c5 30. Qd6 Rd8 31. Bxe6+ Nxe6 32. Qxe6+ Kb7 33.
Qf7+ Ka6 34. a4 Rd4 35. Rxd4 Qxd4 36. Qb3 Qb4 37. Qc2 Re8 38. g3 c4 39. h4 Re1
40. h5 Qb3 41. Qd2 Rxf1+ 42. Kxf1 c3 43. Qd3+ Ka5 44. h6 Qb2 45. Qd4 Qb1+ 46.
Kg2 c2 47. h7 c1=Q 48. h8=Q Qf1+ 49. Kf3 Qf5+ 50. Qf4 Qd1+ 51. Kg2 Qfd5+ 52.
Kh2 Q5h1# 0-1

[Event "2. Bundesliga Mitte 2016/2017"]
[Site "Leoben, Wolfsberg/Taufkirchen/Fuerstenfeld, Grieskirchen, St. Veit"]
[Date "2017.03.24"]
[Round "9"]
[Board "4"]
[White "Haas, Michael"]
[Black "Titz, Heimo"]
[Result "1/2-1/2"]
[WhiteElo "2046"]
[BlackElo "2172"]
[PlyCount "75"]
[EventDate "2016.10.07"]
[EventType "team"]
[EventRounds "11"]
[EventCountry "AUT"]
[WhiteTeam "SV Gmunden"]
[BlackTeam "SC DieKlagenfurter"]

1. d4 Nf6 2. Nf3 e6 3. e3 c5 4. Bd3 b6 5. Nbd2 Bb7 6. O-O d6 7. b3 Be7 8. Bb2
O-O 9. c4 Nbd7 10. Qc2 Rc8 11. Ng5 g6 12. Ndf3 cxd4 13. exd4 d5 14. Bxg6 hxg6
15. Nxe6 Qe8 16. Nxf8 Qxf8 17. Nd2 Bb4 18. Bc3 dxc4 19. bxc4 Bxc3 20. Qxc3 Qd6
21. f4 Ne4 22. Nxe4 Bxe4 23. Rac1 f5 24. Qe3 Nf6 25. h3 Qb4 26. c5 bxc5 27.
dxc5 Nd5 28. Qg3 Kg7 29. a3 Qa5 30. Qf2 Qxa3 31. Ra1 Qxc5 32. Rxa7+ Kh6 33. Kh2
Qxf2 34. Rxf2 Rc7 35. Rxc7 Nxc7 36. g4 Nd5 37. Kg3 Kg7 38. Ra2 1/2-1/2

[Event "2. Bundesliga Mitte 2016/2017"]
[Site "Leoben, Wolfsberg/Taufkirchen/Fuerstenfeld, Grieskirchen, St. Veit"]
[Date "2017.03.24"]
[Round "9"]
[Board "6"]
[White "Holzleithner, Johannes"]
[Black "Jakits, Leopold"]
[Result "1/2-1/2"]
[WhiteElo "2006"]
[BlackElo "2135"]
[PlyCount "111"]
[EventDate "2016.10.07"]
[EventType "team"]
[EventRounds "11"]
[EventCountry "AUT"]
[WhiteTeam "SV Gmunden"]
[BlackTeam "SC DieKlagenfurter"]

1. e4 c6 2. d4 d5 3. Nd2 dxe4 4. Nxe4 Bf5 5. Ng3 Bg6 6. Nf3 Nd7 7. h4 h6 8. h5
Bh7 9. Bd3 Bxd3 10. Qxd3 e6 11. Bd2 Ngf6 12. O-O-O Be7 13. Kb1 O-O 14. Ne4 Nxe4
15. Qxe4 Nf6 16. Qe2 Qd5 17. g4 Qe4 18. Qxe4 Nxe4 19. Be3 f5 20. Ne5 f4 21. Ng6
fxe3 22. Nxe7+ Kh7 23. fxe3 Nf2 24. Ng6 Rf6 25. Kc1 Rd8 26. Rdf1 Nxh1 27. Rxh1
Rf2 28. Nf4 Kg8 29. Rg1 e5 30. Nd3 Re2 31. dxe5 Rxe3 32. g5 hxg5 33. Rxg5 Kf7
34. Rf5+ Ke6 35. Rg5 Kf7 36. Rf5+ Kg8 37. Rg5 Kh7 38. Rf5 c5 39. b3 b6 40. Rf7
Rdxd3 41. cxd3 Rxe5 42. Rxa7 Rxh5 43. Kd2 Re5 44. a4 Re6 45. Ra6 Rf6 46. Ke3
Kg6 47. Ke4 Kg5 48. a5 Rf4+ 49. Ke3 bxa5 50. Rxa5 Rf5 51. Ke4 Kg4 52. Ra1 Rf4+
53. Ke3 Rb4 54. Rg1+ Kf5 55. Rxg7 Rxb3 56. Rc7 1/2-1/2

[Event "2. Bundesliga Mitte 2016/2017"]
[Site "Leoben, Wolfsberg/Taufkirchen/Fuerstenfeld, Grieskirchen, St. Veit"]
[Date "2017.03.24"]
[Round "9"]
[Board "1"]
[White "Baumegger, Siegfried"]
[Black "Haba, Petr"]
[Result "1/2-1/2"]
[WhiteElo "2444"]
[BlackElo "2457"]
[PlyCount "100"]
[EventDate "2016.10.07"]
[EventType "team"]
[EventRounds "11"]
[EventCountry "AUT"]
[WhiteTeam "Leoben"]
[BlackTeam "Spg. Grieskirchen/Schallerbach"]

1. c4 e5 2. Nc3 Bb4 3. Nd5 Be7 4. d4 d6 5. e4 Nf6 6. Nxe7 Qxe7 7. f3 exd4 8.
Qxd4 Nc6 9. Qc3 O-O 10. Be3 Ne8 11. O-O-O f5 12. exf5 Bxf5 13. Ne2 Nb4 14. Qxb4
Qxe3+ 15. Qd2 Qxd2+ 16. Kxd2 Nf6 17. Nc3 c6 18. Bd3 Bxd3 19. Kxd3 Rad8 20. Kc2
Rfe8 21. Rd2 Rd7 22. Rhd1 Red8 23. b4 Kf7 24. a4 d5 25. cxd5 Nxd5 26. Nxd5 cxd5
27. Kb3 d4 28. Rd3 Kf6 29. b5 a5 30. Re1 Re7 31. Rxe7 Kxe7 32. Kc4 Rc8+ 33.
Kxd4 Rc2 34. Rc3 Rxg2 35. Rc7+ Kd6 36. Rxb7 Rxh2 37. Rb6+ Kd7 38. Ra6 Rh4+ 39.
Kd5 Rxa4 40. Ra7+ Kc8 41. Kc6 Rc4+ 42. Kb6 a4 43. Rxg7 a3 44. Rxh7 Ra4 45. Rh8+
Kd7 46. Rh1 a2 47. Ra1 Kc8 48. f4 Rxf4 49. Rxa2 Kb8 50. Re2 Rf8 1/2-1/2

[Event "2. Bundesliga Mitte 2016/2017"]
[Site "Leoben, Wolfsberg/Taufkirchen/Fuerstenfeld, Grieskirchen, St. Veit"]
[Date "2017.03.24"]
[Round "9"]
[Board "3"]
[White "Enoeckl, Philipp"]
[Black "Webersberger, Johann"]
[Result "1/2-1/2"]
[WhiteElo "2289"]
[BlackElo "2339"]
[PlyCount "41"]
[EventDate "2016.10.07"]
[EventType "team"]
[EventRounds "11"]
[EventCountry "AUT"]
[WhiteTeam "Leoben"]
[BlackTeam "Spg. Grieskirchen/Schallerbach"]

1. d4 Nf6 2. c4 e6 3. Nc3 Bb4 4. Nf3 Nc6 5. Qc2 d6 6. a3 Bxc3+ 7. Qxc3 O-O 8.
b4 Qe7 9. Bb2 Re8 10. g3 e5 11. dxe5 dxe5 12. Bg2 Nd4 13. Nxd4 exd4 14. Qd2 Bg4
15. f3 d3 16. Qxd3 Rad8 17. Qc2 Qe3 18. Bc1 Qd4 19. Bb2 Qe3 20. Bc1 Qd4 21. Bb2
 1/2-1/2

[Event "2. Bundesliga Mitte 2016/2017"]
[Site "Leoben, Wolfsberg/Taufkirchen/Fuerstenfeld, Grieskirchen, St. Veit"]
[Date "2017.03.24"]
[Round "9"]
[Board "5"]
[White "Sandner, Wolfgang"]
[Black "Singer, Christoph"]
[Result "1/2-1/2"]
[WhiteElo "2256"]
[BlackElo "2333"]
[PlyCount "123"]
[EventDate "2016.10.07"]
[EventType "team"]
[EventRounds "11"]
[EventCountry "AUT"]
[WhiteTeam "Leoben"]
[BlackTeam "Spg. Grieskirchen/Schallerbach"]

1. e4 e5 2. Nf3 Nc6 3. Bb5 Nf6 4. O-O Nxe4 5. Re1 Nd6 6. Nxe5 Be7 7. Bd3 Nxe5
8. Rxe5 O-O 9. Nc3 c6 10. b3 Ne8 11. Qe2 Bf6 12. Re3 d5 13. Rg3 Nd6 14. Ba3 Re8
15. Qf1 Nf5 16. Rh3 g6 17. Re1 Rxe1 18. Qxe1 Ng7 19. Rg3 Be6 20. h3 Nf5 21. Rf3
Nd4 22. Re3 Bg5 23. Bb2 Bxe3 24. Qxe3 Nf5 25. Qe5 Qd6 26. Qf6 Qe7 27. Nxd5 Qxf6
28. Nxf6+ Kf8 29. Nxh7+ Ke7 30. Ng5 c5 31. Ne4 b6 32. Be5 Bd5 33. f4 Bxe4 34.
Bxe4 Rd8 35. Bxf5 gxf5 36. Bc3 b5 37. a3 Ra8 38. b4 c4 39. Kf2 Re8 40. Bd4 Ke6
41. Kf3 Kd5 42. Bxa7 Ra8 43. Be3 Rxa3 44. c3 Ra2 45. g4 fxg4+ 46. Kxg4 Ke4 47.
h4 Ra8 48. Kg5 Rg8+ 49. Kf6 Rh8 50. Kxf7 Rxh4 51. Ke6 Rh6+ 52. Kd7 Rg6 53. Kc7
Re6 54. Kb7 Rd6 55. Ka7 Rf6 56. Bb6 Kd5 57. Bd4 Rxf4 58. Kb6 Rf8 59. Kxb5 Rb8+
60. Ka6 Kc6 61. Ba7 Rb7 62. Bd4 1/2-1/2

[Event "2. Bundesliga Mitte 2016/2017"]
[Site "Leoben, Wolfsberg/Taufkirchen/Fuerstenfeld, Grieskirchen, St. Veit"]
[Date "2017.03.25"]
[Round "10"]
[Board "6"]
[White "Holzleithner, Johannes"]
[Black "Heindl, Matthias"]
[Result "0-1"]
[WhiteElo "2006"]
[BlackElo "2106"]
[PlyCount "102"]
[EventDate "2016.10.07"]
[EventType "team"]
[EventRounds "11"]
[EventCountry "AUT"]
[WhiteTeam "SV Gmunden"]
[BlackTeam "SV Wolfsberg"]

1. d4 Nf6 2. Nf3 g6 3. Bg5 Ne4 4. Bf4 Bg7 5. Nbd2 f5 6. e3 O-O 7. Bc4+ e6 8.
Qe2 d5 9. Bb3 b6 10. Nxe4 fxe4 11. Ne5 Ba6 12. Qg4 Rf5 13. h4 Bxe5 14. Bxe5 Nd7
15. h5 Nxe5 16. dxe5 Qg5 17. Qxg5 Rxg5 18. hxg6 hxg6 19. O-O-O Kg7 20. c4 c6
21. Rh3 Rh8 22. Rxh8 Kxh8 23. cxd5 exd5 24. e6 Re5 25. Rd4 Bf1 26. Rd1 Bb5 27.
Kd2 Rxe6 28. a4 Ba6 29. a5 Kg7 30. axb6 axb6 31. Ra1 Bb5 32. Ra7+ Kh6 33. Rb7
c5 34. Kc3 Rd6 35. Re7 Bf1 36. g3 Bg2 37. Bc2 Rf6 38. Rd7 Rxf2 39. Rxd5 Re2 40.
Rd6 Rxe3+ 41. Kd2 Rxg3 42. Rxb6 e3+ 43. Ke2 Bh3 44. Rxg6+ Rxg6 45. Bxg6 Kxg6
46. Kxe3 Be6 47. Kd3 Ba2 48. Kc3 c4 49. b4 Kf5 50. b5 Ke5 51. Kb4 Kd6 0-1

[Event "2. Bundesliga Mitte 2016/2017"]
[Site "Leoben, Wolfsberg/Taufkirchen/Fuerstenfeld, Grieskirchen, St. Veit"]
[Date "2017.03.25"]
[Round "10"]
[Board "2"]
[White "Poetz, Florian"]
[Black "Kilgus, Georg"]
[Result "1/2-1/2"]
[WhiteElo "2385"]
[BlackElo "2391"]
[PlyCount "62"]
[EventDate "2016.10.07"]
[EventType "team"]
[EventRounds "11"]
[EventCountry "AUT"]
[WhiteTeam "SPG Spk. Fuerstenfeld/Hartberg"]
[BlackTeam "Spg. Grieskirchen/Schallerbach"]

1. e4 c6 2. d4 d5 3. e5 c5 4. dxc5 Nc6 5. a3 Nxe5 6. b4 g6 7. f4 Nc6 8. Bb2 Nf6
9. Nf3 Bg7 10. Nbd2 O-O 11. Nb3 Qc7 12. b5 Na5 13. Be5 Qd8 14. Be2 Bf5 15. Nfd4
Be4 16. O-O Nc4 17. c6 Ne3 18. Qc1 Nxf1 19. cxb7 Rb8 20. Nc6 Qb6+ 21. Bd4 Qc7
22. Nxb8 Rxb8 23. Kxf1 Rxb7 24. c3 Nd7 25. a4 e5 26. fxe5 Bxe5 27. g3 h5 28.
Qh6 Bc2 29. Nd2 Be4 30. Nxe4 dxe4 31. Qe3 Bxd4 1/2-1/2

[Event "2. Bundesliga Mitte 2016/2017"]
[Site "Leoben, Wolfsberg/Taufkirchen/Fuerstenfeld, Grieskirchen, St. Veit"]
[Date "2017.03.25"]
[Round "10"]
[Board "3"]
[White "Webersberger, Johann"]
[Black "Kuba, Guenter"]
[Result "1/2-1/2"]
[WhiteElo "2339"]
[BlackElo "2329"]
[PlyCount "54"]
[EventDate "2016.10.07"]
[EventType "team"]
[EventRounds "11"]
[EventCountry "AUT"]
[WhiteTeam "Spg. Grieskirchen/Schallerbach"]
[BlackTeam "SPG Spk. Fuerstenfeld/Hartberg"]

1. Nf3 Nc6 2. g3 e5 3. d3 d5 4. Bg2 Nf6 5. O-O Be7 6. a3 a5 7. Nc3 O-O 8. e4
dxe4 9. dxe4 Be6 10. Bg5 h6 11. Bxf6 Bxf6 12. Nd5 Bxd5 13. exd5 Nd4 14. Nxd4
exd4 15. a4 Re8 16. Qd2 Qd7 17. b3 b6 18. Rae1 Rxe1 19. Rxe1 Re8 20. Kf1 Rxe1+
21. Kxe1 Qe7+ 22. Qe2 Qxe2+ 23. Kxe2 Kf8 24. Kd3 Ke7 25. Bf3 Kd6 26. Bg2 Ke7
27. Bf3 Kd6 1/2-1/2

[Event "2. Bundesliga Mitte 2016/2017"]
[Site "Leoben, Wolfsberg/Taufkirchen/Fuerstenfeld, Grieskirchen, St. Veit"]
[Date "2017.03.25"]
[Round "10"]
[Board "4"]
[White "Csonka, Attila"]
[Black "Schwabeneder, Florian"]
[Result "1-0"]
[WhiteElo "2346"]
[BlackElo "2362"]
[PlyCount "113"]
[EventDate "2016.10.07"]
[EventType "team"]
[EventRounds "11"]
[EventCountry "AUT"]
[WhiteTeam "SPG Spk. Fuerstenfeld/Hartberg"]
[BlackTeam "Spg. Grieskirchen/Schallerbach"]

1. e4 c5 2. Nf3 e6 3. d4 cxd4 4. Nxd4 Nc6 5. Nc3 Qc7 6. Be3 a6 7. Qd2 Nf6 8. f3
Ne5 9. O-O-O Bb4 10. Nb3 b5 11. Qd4 Nc6 12. Qb6 Qxb6 13. Bxb6 Rb8 14. Bc7 Rb7
15. Bd6 Bxd6 16. Rxd6 Ke7 17. Rd2 d6 18. Bd3 Rc7 19. Re1 Ne5 20. Kb1 g5 21. Nd4
Bd7 22. g3 Rg8 23. Nd1 Nc6 24. Nb3 h5 25. Ne3 h4 26. Rg2 hxg3 27. hxg3 Rcc8 28.
Rh1 Rh8 29. Rgh2 Rxh2 30. Rxh2 Rg8 31. g4 Ne5 32. Nd4 Ng6 33. Kc1 Ne5 34. Kd2
Bc8 35. Rh6 Rg6 36. Rxg6 Nxg6 37. c4 bxc4 38. Nxc4 Nf4 39. Bf1 Kd7 40. Nb6+ Kc7
41. Nxc8 Kxc8 42. Bxa6+ Kc7 43. b4 d5 44. exd5 N4xd5 45. a3 Nd7 46. Be2 Kd6 47.
Nb5+ Ke5 48. Nc3 f5 49. Nxd5 Kxd5 50. a4 Kd4 51. Bb5 Nf6 52. a5 fxg4 53. fxg4
Ne4+ 54. Kc2 Nd6 55. Bd7 Kd5 56. Kc3 Nf7 57. a6 1-0

[Event "2. Bundesliga Mitte 2016/2017"]
[Site "Leoben, Wolfsberg/Taufkirchen/Fuerstenfeld, Grieskirchen, St. Veit"]
[Date "2017.03.25"]
[Round "10"]
[Board "6"]
[White "Hatzl, Johannes"]
[Black "Lentrodt, Thomas"]
[Result "0-1"]
[WhiteElo "2095"]
[BlackElo "2232"]
[PlyCount "104"]
[EventDate "2016.10.07"]
[EventType "team"]
[EventRounds "11"]
[EventCountry "AUT"]
[WhiteTeam "SPG Spk. Fuerstenfeld/Hartberg"]
[BlackTeam "Spg. Grieskirchen/Schallerbach"]

1. e4 e6 2. d4 d5 3. Nc3 Nf6 4. Bg5 Bb4 5. Nge2 dxe4 6. a3 Be7 7. Bxf6 Bxf6 8.
Nxe4 Be7 9. Qd3 Nd7 10. O-O-O Nf6 11. N2g3 Bd7 12. Kb1 Bc6 13. f3 Qd7 14. Nxf6+
gxf6 15. Qe3 O-O-O 16. Bc4 Bd5 17. Bxd5 Qxd5 18. Ne2 Kb8 19. Nc3 Qg5 20. Qxg5
fxg5 21. Ne4 f5 22. Nc5 Bxc5 23. dxc5 Kc8 24. c4 Rhg8 25. Kc2 Rg6 26. Kc3 Rd7
27. Rde1 Re7 28. Re5 Kd7 29. Rd1+ Ke8 30. b4 g4 31. fxg4 Rxg4 32. Rd2 Kf7 33.
Rde2 Kf6 34. g3 h5 35. b5 h4 36. gxh4 Rxh4 37. c6 bxc6 38. bxc6 Rxh2 39. Re1
Rh3+ 40. Kb4 f4 41. Ra5 f3 42. Rxa7 e5 43. Ra8 f2 44. Rf1 Rf3 45. Rf8+ Rf7 46.
Re8 Kf5 47. a4 Ke4 48. a5 Rf8 49. Re7 Re3 50. Rh7 Re1 51. Rhh1 Rxf1 52. Rxf1
Kf3 0-1

[Event "2. Bundesliga Mitte 2016/2017"]
[Site "Leoben, Wolfsberg/Taufkirchen/Fuerstenfeld, Grieskirchen, St. Veit"]
[Date "2017.03.25"]
[Round "10"]
[Board "4"]
[White "Dietmayer-Kraeutler, Marco"]
[Black "Hellmayr, Alois"]
[Result "1/2-1/2"]
[WhiteElo "2244"]
[BlackElo "2202"]
[PlyCount "101"]
[EventDate "2016.10.07"]
[EventType "team"]
[EventRounds "11"]
[EventCountry "AUT"]
[WhiteTeam "Leoben"]
[BlackTeam "SPG Sauwald"]

1. d4 Nf6 2. c4 e6 3. Nc3 Bb4 4. Qc2 c5 5. dxc5 Qc7 6. a3 Bxc5 7. Nf3 a6 8. e3
O-O 9. Be2 b6 10. O-O Bb7 11. Na4 Be7 12. Qb3 Bd8 13. Bd2 d6 14. Rfd1 Nbd7 15.
Nc3 Rc8 16. Rac1 Qb8 17. Nd4 Ne5 18. Qa2 Qa8 19. f3 Bc7 20. b4 d5 21. c5 Nc6
22. Na4 b5 23. Nc3 e5 24. Nf5 Rcd8 25. a4 bxa4 26. Qxa4 d4 27. Nb1 g6 28. Ng3
h5 29. e4 d3 30. Bf1 Rd7 31. Bg5 Nh7 32. Be3 Rfd8 33. Rc3 h4 34. Nh1 h3 35.
Rcxd3 Rxd3 36. Rxd3 hxg2 37. Kxg2 Nd4 38. Nd2 Bc6 39. Qa2 Qb7 40. Bxd4 exd4 41.
Rb3 Ra8 42. Qa1 Bf4 43. Qxd4 Qe7 44. Nc4 Rd8 45. Qf2 Bb5 46. Rd3 Rb8 47. Rd4
Ng5 48. Nb6 Qe6 49. Qh4 Qa2+ 50. Qf2 Qe6 51. Qh4 1/2-1/2